Copa Mundial de la FIFA 1990 - Estadísticas

Estadísticas generales
  • Esta prueba ha sido intentada 174 veces
  • La puntuación promedio es 19 de 24
Estadísticas de respuestas
GRUPO % Correcto
Argentina
98%
Brasil
98%
Italia
98%
España
97%
Uruguay
96%
Alemania Federal
95%
Estados Unidos
94%
Colombia
88%
Corea del Sur
88%
Inglaterra
88%
Camerún
84%
Países Bajos
84%
Bélgica
82%
Suecia
82%
Yugoslavia
81%
Costa Rica
74%
Irlanda
74%
Rumanía
70%
Austria
68%
Egipto
67%
Checoslovaquia
61%
Unión Soviética
61%
Escocia
60%
Emiratos Árabes Unidos
40%
No se encontraron pruebas coincidentes
Distribución de puntuación
Porcentaje de gente con cada puntuación
Porcentaje por número respondido
Historial de tus puntuaciones
No has intentado esta prueba.